Harry Potter à l'ecole des sorciers • Chapitre 3 - Statistiques

Statistiques générales
  • Ce quiz a été pris 12 fois
  • Le résultat moyen est 26 sur 40
Statistiques - réponses
Question Réponse % Correct
Où Harry doit-il dormir désormais, selon l’oncle Vernon ? Dans la seconde chambre de Dudley
92%
Où l’oncle Vernon décide-t-il finalement de s’installer ? Dans une cabane sur une île
92%
Où a-t-il dormi cette nuit-là ? Derriere la porte
92%
Que reçoivent encore les Dursley à l’hôtel ? Des lettres
92%
Que fait l’oncle Vernon ce jour-là ? Il cloue la boîte aux lettres
92%
Pourquoi l’oncle Vernon est-il heureux le dimanche ? Il pense qu’il n’y aura pas de lettres ce jour-là
92%
Quel est le sport préféré de la bande de Dudley ? La chasse a Harry
92%
Quelle personne Dudley renverse-t-il avec son vélo de course ? Mrs. Figg
92%
Pourquoi Harry regarde-t-il la montre de Dudley cette nuit-là ? Parce que son anniversaire approche
92%
Par quel endroit les lettres entrent-elles dans la maison ? Par la cheminée
92%
Quelle décision prend l’oncle Vernon ? Partir loin
92%
Pourquoi a-t-il dormi là ? Pour empêcher Harry de récupérer d’autres lettres
83%
Que se passe-t-il à minuit ? Quelqu'un frappe a la porte
83%
En retournant l’enveloppe, que représente l’écusson ? Un aigle, un lion, un serpent et un blaireau entourant la lettre P
83%
Que se passe-t-il plus tard ? Une nouvelle lettre arrive
83%
Comment Mrs Figg s’est-elle cassé la jambe ? Elle a trébuché sur un de ses chats
75%
Quand Harry va chercher le courrier, a qui est destinée la troisième lettre ? Harry
75%
Quels sont les noms des membres de la bande de Dudley ? Piers, Dennis, Malcolm et Gordon
75%
Où Harry dort-il cette nuit-là ? Sur le sol
75%
Qu’est-ce que les Dursley ont offert à Harry l’année précédente ? Un cintre
75%
Quel objet les élèves de l'école où Dudley va aller utilisent-ils pour « forger le caractère » ? Une canne
75%
Où les lettres étaient-elles dissimulées ? Dans les boîtes a œuf
67%
Sur qui Harry marche-t-il le lendemain matin ? L'oncle Vernon
67%
Que prête le vieil homme édenté à l’oncle Vernon ? Une barque
67%
De quelle couleur est écrite l’adresse sur la lettre ? Vert émeraude
67%
Combien de lettres sont apportées le vendredi ? 12
58%
Quel jour de la semaine tombe l’anniversaire de Harry ? Mardi
58%
Dans quel collège Harry doit-il aller ? Smeltings
58%
Quel est le numéro de la chambre de Harry ? 17
50%
Combien de lettres arrivent le samedi ? 24
50%
Que décident l’oncle Vernon et tante Pétunia au sujet des lettres ? De ne pas répondre
50%
Où Marge Dursley est-elle partie en vacances ? Sur l’île de Wight
50%
Quelle est l’humeur de l’oncle Vernon ? Il est heureux
42%
Quelle est la réaction de l’oncle Vernon quand il déplie la lettre de Harry ? Il est terrifié
42%
Dans quel hôtel séjournent-ils ? L'hôtel du Rail
42%
Dans quelle ville l’oncle Vernon s’arrête-t-il pour dormir ? Carbone-les-mines
33%
Dans quel collège Dudley doit-il aller ? Smeltings
25%
Quelles provisions l’oncle Vernon a-t-il apportées ? 2 sandwich et 4 pommes
8%
Pourquoi Dudley pleure-t-il dans la voiture ? À cause du coup que son père lui a donné
8%
Combien de lettres sortent ? quarantaine
8%
Aucun quiz correspondant
Distribution des résultats
% des personnes avec chaque résultat
Percentile par nombre de réponses
Votre historique - résultats
Vous n’avez pas pris ce quiz